00322nam a2200121Ia 4500008004100000040001600041041001200057082001700069100001800086245004000104260004000144300001600184230917s9999||||xx |||||||||||||| ||und|| e23130aMAIN aEnglish a330.122 H95C aHusain, Zakir 0aCapitalism: Essays in understanding aBombaybAsia Publishing Housec1967 avii, 204 p.